El sector público en la planificación del desarrollo

Uloženo v:
Podrobná bibliografie
Hlavní autoři: Cibotti, Ricardo (Autor), Sierra, Enrique (Autor)
Médium: Kniha
Jazyk:španělština
Vydáno: Ciudad de México Siglo Veintituno 1970
Edice:Economía y Demografía
Témata:
Tagy: Přidat tag
Žádné tagy, Buďte první, kdo vytvoří štítek k tomuto záznamu!

MARC

LEADER 00000nam a2200000 a 4500
001 UCQ0933
003 CL-VaPUC
008 980703e19700000MX |||||||||||||||||spa|d
082 0 4 |a 338.9  |b CIB  |2 21 
100 0 |a Cibotti, Ricardo  |e author  |9 414385 
700 0 |a Sierra, Enrique  |e author  |9 414386 
245 1 3 |a El sector público en la planificación del desarrollo 
300 |a 271 p 
942 |c BK 
945 |d 19980703 00:00:00  |a crobeson 
260 |a Ciudad de México  |b Siglo Veintituno  |c 1970 
650 0 |a Desarrollo económico y social   |9 256320 
650 0 |a Crecimiento económico   |9 314037 
650 0 |a Sector público  |9 349431 
650 0 |a Planificación del desarrollo  |9 326796 
650 7 |a POLITICA DE DESARROLLO  |2 CL-VaPUC  |9 335853 
583 |a last modification  |c 19980703 00:00:00  |k Rodrigo Vera 
490 0 |a Economía y Demografía 
999 |c 271960  |d 271958 
952 |0 0  |1 0  |4 0  |6 338_900000000000000_CIB_1970  |7 0  |8 A  |9 306764  |a BIBENE  |b BIBENE  |d 2019-11-20  |i 1429833  |o 338.9 CIB 1970  |p 1429833  |r 2025-01-15  |w 2019-11-20  |y BK  |k ICO